|
|
|
|
| LEADER |
00797nta a2200169 i 4500 |
| 001 |
dipl70531 |
| 005 |
20180730112925.0 |
| 008 |
180730s2017 hu om 0|| zxx d |
| 040 |
|
|
|a SZTE Diploma Repozitórium
|b hun
|
| 041 |
|
|
|a zxx
|
| 100 |
1 |
|
|a Márki Boglárka Fanni
|
| 245 |
1 |
2 |
|a A háziállatok jelentősége az egészségfejlesztésben
|h [elektronikus dokumentum] :
|b aktív szabadidő-eltöltési és megküzdési lehetőségek /
|c Boglárka Fanni Márki
|
| 246 |
1 |
0 |
|a The Importance of Pets in Health Promotion: Sport Activities and Chances of Coping with Stress
|h [elektronikus dokumentum]
|
| 260 |
|
|
|c 2017
|
| 650 |
|
4 |
|a Pedagógusképzés
|
| 700 |
1 |
|
|a Lippai László
|e ths
|
| 856 |
4 |
0 |
|u http://diploma.bibl.u-szeged.hu/id/eprint/70531/1/2016_M%C3%A1rki_Bogl%C3%A1rka_Fanni_BDXPQO_SZ.pdf
|z Dokumentum-elérés
|